00434nam a22001097a 450000500170000002000180001708200160003510000400005124501600009126000550025130000180030620260630131911.0 a9781009298018 aR 325 LAH/I aLahav, Gallya and Messina, Antony M aImmigration, security and the liberal state:bthe politics of migration aregualtion in Europe and the United States/cby Gallia Lahav and Anthony M.Messina a. - New Yorkb: Cambridge University Pressc, 2024 axix+492 pages